Music : (Record no. 127547)
[ view plain ]
| 000 -LEADER | |
|---|---|
| fixed length control field | 01451nam a2200373 i 4500 |
| 001 - CONTROL NUMBER | |
| control field | BK0012783637 |
| 005 - DATE AND TIME OF LATEST TRANSACTION | |
| control field | 20241220141311.0 |
| 008 - FIXED-LENGTH DATA ELEMENTS--GENERAL INFORMATION | |
| fixed length control field | 130916s2013 nyua 001 0deng d |
| 010 ## - LIBRARY OF CONGRESS CONTROL NUMBER | |
| LC control number | bl2013040480 |
| 020 ## - INTERNATIONAL STANDARD BOOK NUMBER | |
| International Standard Book Number | 9781465414366 : HRD |
| Terms of availability | $50.00 |
| 020 ## - INTERNATIONAL STANDARD BOOK NUMBER | |
| International Standard Book Number | 1465414363 : HRD |
| Terms of availability | $50.00 |
| 037 ## - SOURCE OF ACQUISITION | |
| Source of stock number/acquisition | Dk Pub, C/O Penguin Group USA 405 Murray Hill Pkwy, East Rutherford, NJ, USA, 07073-2136, (201)9646626 |
| Note | SAN 282-5074 |
| 040 ## - CATALOGING SOURCE | |
| Original cataloging agency | NjBwBT |
| Language of cataloging | eng |
| Transcribing agency | NjBwBT |
| Description conventions | rda |
| 050 14 - LIBRARY OF CONGRESS CALL NUMBER | |
| Classification number | ML160 |
| Item number | .M86 2013 |
| 082 04 - DEWEY DECIMAL CLASSIFICATION NUMBER | |
| Classification number | 780.9 |
| Edition number | 23 |
| 092 ## - LOCALLY ASSIGNED DEWEY CALL NUMBER (OCLC) | |
| Classification number | 780.9000 |
| 092 ## - LOCALLY ASSIGNED DEWEY CALL NUMBER (OCLC) | |
| Classification number | General NonFiction |
| Item number | 780.9 DK |
| 100 ## - MAIN ENTRY--PERSONAL NAME | |
| Personal name | Dorling Kindersley, Inc. (COR) |
| 9 (RLIN) | 5985390 |
| 245 00 - TITLE STATEMENT | |
| Title | Music : |
| Remainder of title | the definitive visual history. |
| 250 ## - EDITION STATEMENT | |
| Edition statement | First American edition. |
| 260 ## - PUBLICATION, DISTRIBUTION, ETC. (IMPRINT) | |
| Name of publisher, distributor, etc | Dk Pub |
| Date of publication, distribution, etc | 2013 |
| 264 #1 - Production, Publication, Distribution, Manufacture, and Copyright Notice. | |
| Place of production, publication, distribution, manufacture | New York : |
| Name of producer, publisher, distributor, manufacturer | DK Publishing, |
| Date of production, publication, distribution, manufacture, or copyr | 2013. |
| 300 ## - PHYSICAL DESCRIPTION | |
| Extent | 480 pages : |
| Other physical details | illustrations (some color) ; |
| Dimensions | 31 cm |
| 336 ## - Content Type | |
| Content type term | text |
| 337 ## - Media type | |
| Media type term | unmediated |
| 338 ## - Carrier type | |
| Carrier type term | volume |
| 500 ## - GENERAL NOTE | |
| General note | At head of title: Smithsonian. |
| 500 ## - GENERAL NOTE | |
| General note | Includes index. |
| 520 ## - SUMMARY, ETC. | |
| Summary, etc | A guide to the history of music and instruments begins in prehistoric times and progresses through all eras throughout the world and includes background music theory and advances in technology. |
| 650 #0 - SUBJECT ADDED ENTRY--TOPICAL TERM | |
| Topical term or geographic name as entry element | Music |
| General subdivision | History and criticism. |
| 9 (RLIN) | 88213 |
| 650 #0 - SUBJECT ADDED ENTRY--TOPICAL TERM | |
| Topical term or geographic name as entry element | Musicians |
| General subdivision | History. |
| 9 (RLIN) | 6491337 |
| 710 2# - ADDED ENTRY--CORPORATE NAME | |
| Corporate name or jurisdiction name as entry element | Dorling Kindersley Inc. |
| Relator term | editor. |
| 9 (RLIN) | 36449 |
| 942 ## - ADDED ENTRY ELEMENTS (KOHA) | |
| Koha item type | BOOK |
| Source of classification or shelving scheme | Dewey Decimal Classification |
| Withdrawn status | Lost status | Source of classification or shelving scheme | Damaged status | Not for loan | Collection code | Home library | Current library | Shelving location | Date acquired | Source of acquisition | Total Checkouts | Total Renewals | Full call number | Barcode | Date last seen | Date checked out | Cost, replacement price | Price effective from | Koha item type |
|---|---|---|---|---|---|---|---|---|---|---|---|---|---|---|---|---|---|---|---|
| Dewey Decimal Classification | General NonFiction | Wasatch County Library | Wasatch County Library | Second Floor | 07/29/2024 | Donation | 3 | 5 | 780.9 DK | 34301002085266 | 03/09/2026 | 11/20/2025 | 50.00 | 07/29/2024 | BOOK |
